Duke football receiving yards leaders by year - Statistics

General Stats
  • This quiz has been taken 4 times
  • The average score is 4 of 15
Answer Stats
Hint Answer % Correct
2023 Jordan Moore
100%
2021 Jake Bobo
67%
2020 Jake Bobo
67%
2014 Jamison Crowder
67%
2013 Jamison Crowder
67%
2022 Jalon Calhoun
33%
2019 Jalon Calhoun
33%
2012 Conner Vernon
0%
2011 Conner Vernon
0%
2010 Conner Vernon
0%
2009 Donovan Varner
0%
2015 Max McCaffrey
0%
2018 T.J. Rahming
0%
2017 T.J Rahming
0%
2016 T.J Rahming
0%
No matching quizzes found
Score Distribution
Percent of People with Each Score
Percentile by Number Answered
Your Score History
You have not taken this quiz